Contesting heritage in antigua, Guatemala /

Gespeichert in:
Bibliographische Detailangaben
1. Verfasser: Little, Walter E.
Format: Text
Tags: Tag hinzufügen
Keine Tags, Fügen Sie den ersten Tag hinzu!

MARC

LEADER 00000 a a2200000 04500
001 41580
003
040
100 |a Little, Walter E.  
245 |a Contesting heritage in antigua, Guatemala /  |c Walter E. Little  
773 |g número96 ( , 2009), páginas 217-244  
999 |c 24900  |d 24900